| 000 | 00426nam a2200169Ia 4500 | ||
|---|---|---|---|
| 008 | 210707s1977 xx 000 0 und d | ||
| 041 | _aeng | ||
| 082 | _a410 THIL | ||
| 100 | _aTHIRUMALAI (M S) | ||
| 245 | _aLearning theories and linguistics: an introduction. Ed 1. | ||
| 250 | _a1 | ||
| 260 |
_aMadras. _bTamil Nuulagam., _c1977 |
||
| 300 | _aviii,138 p | ||
| 365 |
_b12 _cINR |
||
| 563 | _aPB | ||
| 650 | _aLinguistics | ||
| 999 |
_c180408 _d180408 |
||